Veľké či malé revíry?

Bibliographic Details
Main Author: Ďapúš, Peter (Author)
Format: Article
Language:Slovak
ISSN:0231-8768
Subjects:

MARC

LEADER 00000nab a2200000 a 4500
001 vtls000537770
003 SK-MaSNL
005 20260304094851.0
008 250425c1994 xo 0 slo
015 |a SNBRB19rr/mm-uuuuu 
035 |a CL0537908 
035 |a urn:nbn:sk:snk-abep5x 
035 |a (urnnbn)urn:nbn:sk:snk:ar-006yv3 
035 |a (uuid)45f203be-35be-4442-99dc-dc967c89b7df 
040 |a SNKBUCL  |b slo  |c SNKBUCL  |e AACR2 
041 0 |a slo 
044 |a xo  |c SK 
080 |a 639.1.052  |2 1981 
100 1 |a Ďapúš, Peter  |4 aut  |9 1376542 
245 1 0 |a Veľké či malé revíry?  |c Peter Ďapúš 
650 0 7 |a poľovné revíry  |2 snkbucl  |9 70281 
655 7 |a články z novín a časopisov  |2 snkbucl  |9 267496 
773 0 |t Poľovníctvo a rybárstvo  |g Roč. 46, č. 12 (1994), s. 14-15  |x 0231-8768 
850 |a Slovenská národná knižnica 
852 |a Slovenská národná knižnica 
954 |a odborná, vedecká literatúra pôvodná (slovenská)  |2 lita 
958 |a article27 
958 |a RK 
958 |a OND 
958 |a EUIPO 
992 |a RBX 
999 |c 2829373  |d 2831303